000 00476nam a22000977a 4500
008 160509b xxu||||| |||| 00| 0 eng d
100 _aSchmidt-Andersen, J.
245 _aDanmarks gennemstukne frimaerker 1863
260 _aKobenhavn
_bKobenhavns Philatelist Klub
_c1962
650 _aDenmark | 1863 | 19th Century | Definitive Issues | Classic Issues | Production | Perforation | Sheets and Panes | Plates and Plating | Errors and Varieties | Stamps -- Histories | Perforating Machines
999 _c2000
_d2000